Online experimentovanie s modelom magnetickej levitácie

Na minha lista:
Detalhes bibliográficos
Autor principal: Domorák, Matúš (Author)
Outros Autores: Žáková, Katarína (Thesis advisor)
Formato: Manuscrito Livro
Idioma:eslovaco
Publicado em: Bratislava : STU v Bratislave FEI, 2023
Assuntos:
Acesso em linha:https://opac.crzp.sk/?fn=detailBiblioFormChildWPU0C&sid=32866E47BC3455BDB7F07CCEA70C&seo=CRZP-detail-kniha
Tags: Adicionar Tag
Sem tags, seja o primeiro a adicionar uma tag!

MARC

LEADER 00000ntm a22000003a 4500
001 stuzp91814
003 SK-STU
005 20241204154041.5
007 ta
008 150427s2015----xo-----f-mn---000-0-slo-d
040 |a STU  |b slo 
041 0 |a slo 
044 |a xo 
100 1 |a Domorák, Matúš  |u 030400  |4 aut  |U FEI Fakulta elektrotechniky a informatiky  |T FEI Ústav automobilovej mechatroniky  |X 86320  |U E400  |Y 642  |7 86320 
242 0 1 |a Online experimentation with magnetic levitation laboratory model  |y eng 
245 1 0 |a Online experimentovanie s modelom magnetickej levitácie 
260 |a Bratislava :  |b STU v Bratislave FEI,  |c 2023 
300 |a 61 s. 
650 4 |a internet  |2 slo 
650 4 |a model  |2 slo 
650 4 |a magnetická levitácia  |2 slo 
650 4 |a experiment  |2 slo 
650 4 |a pysimCoder  |2 slo 
650 4 |a magnetic levitation  |2 eng 
650 4 |a experiment  |2 eng 
650 4 |a model  |2 eng 
650 4 |a pysimCoder  |2 eng 
650 4 |a internet  |2 eng 
700 1 |a Žáková, Katarína  |u 030400  |k Z1  |4 ths  |U FEI Fakulta elektrotechniky a informatiky  |T FEI Ústav automobilovej mechatroniky  |X 4948  |U E400  |Y 642  |7 A000004948 
856 4 |u https://opac.crzp.sk/?fn=detailBiblioFormChildWPU0C&sid=32866E47BC3455BDB7F07CCEA70C&seo=CRZP-detail-kniha